[Event "GBR-ch82"]
[Site "Swansea"]
[Date "1995.08.04"]
[Round "5"]
[White "Bates, Richard A"]
[Black "Hebden, Mark L"]
[Result "1-0"]
[WhiteElo "2345"]
[BlackElo "2570"]
[PlyCount "95"]
[EventDate "1995.07.31"]
[EventType "swiss"]
[EventRounds "11"]
[EventCountry "GBR"]
[SourceTitle "BritBase"]
[Source "John Saunders"]
[SourceDate "2023.06.01"]
[SourceVersion "1"]
[SourceVersionDate "2023.06.01"]
[SourceQuality "1"]

1. d4 Nf6 2. c4 g6 3. Nc3 Bg7 4. e4 d6 5. h3 O-O 6. Bg5 Na6 7. Bd3 c6 8. Nge2
e5 9. d5 Nc5 10. Bc2 a5 11. O-O Bd7 12. a3 cxd5 13. cxd5 a4 14. g4 Qb6 15. Be3
Rfc8 16. Kg2 Qa6 17. f3 Be8 18. Nc1 Nfd7 19. N1a2 Nb6 20. Nb4 Qa5 21. Qe2 Nb3
22. Bxb3 axb3 23. Bxb6 Qxb6 24. Qd1 Rxc3 25. bxc3 Ba4 26. Qd2 Rc8 27. Nd3 Bb5
28. Rfd1 Qa5 29. Nb2 Bf6 30. c4 Qxd2+ 31. Rxd2 Bxc4 32. Nxc4 Rxc4 33. Rb2 Bg5
34. Rxb3 Rc2+ 35. Kh1 Bf4 36. Rxb7 Rh2+ 37. Kg1 Rxh3 38. Rb3 f5 39. Rab1 Kg7
40. a4 Rg3+ 41. Kf1 Rh3 42. g5 Bxg5 43. Kg2 Rh4 44. Rh1 Rf4 45. Rb7+ Kf6 46.
Rhxh7 Bh4 47. a5 Kg5 48. Rhf7 1-0

[Event "GBR-ch82"]
[Site "Swansea"]
[Date "1995.08.04"]
[Round "5"]
[White "Byway, Paul V"]
[Black "Buckley, Graeme N"]
[Result "1/2-1/2"]
[WhiteElo "2245"]
[BlackElo "2355"]
[PlyCount "105"]
[EventDate "1995.07.31"]
[EventType "swiss"]
[EventRounds "11"]
[EventCountry "GBR"]
[SourceTitle "BritBase"]
[Source "John Saunders"]
[SourceDate "2023.06.01"]
[SourceVersion "1"]
[SourceVersionDate "2023.06.01"]
[SourceQuality "1"]

1. d4 g6 2. Nf3 Bg7 3. Bf4 d6 4. e3 Nd7 5. c3 e5 6. dxe5 dxe5 7. Bg3 Ne7 8. Bc4
h6 9. e4 O-O 10. O-O b6 11. Nbd2 Bb7 12. Qe2 a5 13. a4 Nc8 14. Bb5 c6 15. Bc4
Nd6 16. Rfd1 Qe7 17. Bd3 Ne8 18. Nc4 Nc7 19. Qe3 c5 20. Bc2 Rad8 21. Rxd7 Qxd7
22. Nxb6 Qe6 23. Qxc5 Na6 24. Qb5 Rd6 25. Nc4 Bc6 26. Qxa6 Ra8 27. Qxa8+ Bxa8
28. Nxd6 Qxd6 29. Rd1 Qb6 30. b4 Qc7 31. bxa5 Qxc3 32. h3 Bc6 33. Ne1 Qxa5 34.
f3 Bf8 35. Bf2 Bb4 36. Nd3 Bc3 37. Be1 Bd4+ 38. Kh2 Qa7 39. a5 Bb5 40. Rb1 Bc4
41. Nc1 Kg7 42. Bd3 Qa6 43. Bc2 h5 44. Bh4 Qxa5 45. Nb3 Qa2 46. Nxd4 exd4 47.
Rb6 Qxc2 48. Bf6+ Kh6 49. Rb8 g5 50. Bxd4 Qd2 51. Rh8+ Kg6 52. Rg8+ Kh7 53.
Rh8+ 1/2-1/2

[Event "GBR-ch82"]
[Site "Swansea"]
[Date "1995.08.04"]
[Round "5"]
[White "Cobb, Charles A"]
[Black "Cooper, Lawrence"]
[Result "1-0"]
[WhiteElo "2210"]
[BlackElo "2315"]
[PlyCount "95"]
[EventDate "1995.07.31"]
[EventType "swiss"]
[EventRounds "11"]
[EventCountry "GBR"]
[SourceTitle "BritBase"]
[Source "John Saunders"]
[SourceDate "2023.06.01"]
[SourceVersion "1"]
[SourceVersionDate "2023.06.01"]
[SourceQuality "1"]

1. e4 e5 2. Nf3 Nc6 3. Nc3 Nf6 4. Be2 Bc5 5. Nxe5 Nxe5 6. d4 Bd6 7. f4 Bb4 8.
fxe5 Nxe4 9. Qd3 Bxc3+ 10. bxc3 d5 11. O-O f5 12. exf6 Nxf6 13. Ba3 Be6 14.
Rae1 Kd7 15. Qg3 Ne4 16. Qxg7+ Kc8 17. Bd3 Rg8 18. Qh6 Bd7 19. c4 c6 20. Bxe4
dxe4 21. Rxe4 b6 22. Qxh7 Qg5 23. Qxg8+ Qxg8 24. Rf8+ Kc7 25. Rxg8 Rxg8 26. Re7
Re8 27. c5 b5 28. Rxe8 Bxe8 29. Bc1 Kd7 30. Kf2 Bg6 31. Ke3 Bxc2 32. d5 Bb1 33.
a3 cxd5 34. Kd4 Be4 35. g4 Bf3 36. h3 Kc6 37. Bd2 Bd1 38. Bb4 a6 39. Ba5 Be2
40. g5 Bd1 41. h4 Bh5 42. Bb4 Be8 43. Ke5 a5 44. Bxa5 Kxc5 45. Kf6 Kc4 46. g6
Bxg6 47. Kxg6 Kb3 48. Bb4 1-0

[Event "GBR-ch82"]
[Site "Swansea"]
[Date "1995.08.04"]
[Round "5"]
[White "Cobb, James E"]
[Black "Ferguson, Mark"]
[Result "1-0"]
[WhiteElo "2280"]
[BlackElo "2360"]
[PlyCount "123"]
[EventDate "1995.07.31"]
[EventType "swiss"]
[EventRounds "11"]
[EventCountry "GBR"]
[SourceTitle "BritBase"]
[Source "John Saunders"]
[SourceDate "2023.06.01"]
[SourceVersion "1"]
[SourceVersionDate "2023.06.01"]
[SourceQuality "1"]

1. e4 e5 2. f4 exf4 3. Be2 d5 4. exd5 Nf6 5. Nf3 Nxd5 6. c4 Ne7 7. d4 Ng6 8.
Nc3 c5 9. dxc5 Qxd1+ 10. Bxd1 Bxc5 11. Nd5 Na6 12. a3 O-O 13. b4 Re8+ 14. Be2
Bd6 15. Kf2 Nc7 16. Nc3 b6 17. Rd1 Be7 18. Bb2 a5 19. Nd5 Nxd5 20. cxd5 Bd6 21.
Bb5 Re4 22. Nd2 f5 23. Nc4 Bc7 24. d6 Bd8 25. Bc6 Rb8 26. d7 Bb7 27. Bxb7 Rxb7
28. Nd6 Rc7 29. Nxe4 fxe4 30. Rac1 Rxc1 31. Rxc1 Kf7 32. Bxg7 Ke6 33. Rd1 axb4
34. axb4 Ne7 35. b5 Nf5 36. Bd4 Nd6 37. Kf1 Nxb5 38. Bxb6 Nc3 39. Rc1 Bxb6 40.
Rxc3 Kxd7 41. Rc4 f3 42. Rxe4 fxg2+ 43. Kxg2 Bd8 44. Kf3 Be7 45. Kg4 Ke8 46.
Rf4 Bd6 47. Rf2 Bf8 48. Kh5 Bg7 49. Kg5 Ke7 50. Rf3 Ke6 51. Rh3 h6+ 52. Kg6 Bf8
53. Re3+ Kd7 54. Kf7 Bd6 55. Rd3 Kc6 56. h4 Bf4 57. h5 Kc7 58. Kg7 Kc6 59. Rd8
Kc7 60. Rd1 Kc6 61. Rf1 Bg5 62. Rg1 1-0

[Event "GBR-ch82"]
[Site "Swansea"]
[Date "1995.08.04"]
[Round "5"]
[White "Coleman, David J"]
[Black "Kelly, Brian R"]
[Result "0-1"]
[WhiteElo "2255"]
[BlackElo "2300"]
[PlyCount "94"]
[EventDate "1995.07.31"]
[EventType "swiss"]
[EventRounds "11"]
[EventCountry "GBR"]
[SourceTitle "BritBase"]
[Source "John Saunders"]
[SourceDate "2023.06.01"]
[SourceVersion "1"]
[SourceVersionDate "2023.06.01"]
[SourceQuality "1"]

1. e4 c5 2. Nf3 e6 3. d4 cxd4 4. Nxd4 Nf6 5. Nc3 d6 6. Be2 Be7 7. O-O Nc6 8.
Be3 O-O 9. f4 a6 10. Qe1 Nxd4 11. Bxd4 b5 12. a3 Bb7 13. Qg3 Qc7 14. Kh1 Bc6
15. Rae1 Rad8 16. Bd3 Qb7 17. b4 Qc7 18. e5 dxe5 19. Bxe5 Qb7 20. Ne4 Nh5 21.
Qh3 g6 22. Ng5 Bf6 23. Rf2 Bg7 24. Kg1 Qe7 25. Bxg7 Kxg7 26. Bf5 Nf6 27. Bd3
Qd6 28. Nf3 a5 29. Ne5 axb4 30. axb4 Qxb4 31. Re3 Be4 32. Qh4 Bxd3 33. cxd3 Ra8
34. g4 Qd4 35. Rh3 h5 36. gxh5 Nxh5 37. Qg5 Ra2 38. Ng4 Rh8 39. Rhf3 Rxf2 40.
Nxf2 b4 41. Qe5+ Qxe5 42. fxe5 b3 43. Nd1 Rc8 44. Nb2 Rc2 45. Rf2 g5 46. Kf1
Nf4 47. Ke1 Rxb2 0-1

[Event "GBR-ch82"]
[Site "Swansea"]
[Date "1995.08.04"]
[Round "5"]
[White "Howell, James C"]
[Black "Turner, Matthew J"]
[Result "0-1"]
[WhiteElo "2525"]
[BlackElo "2400"]
[PlyCount "102"]
[EventDate "1995.07.31"]
[EventType "swiss"]
[EventRounds "11"]
[EventCountry "GBR"]
[SourceTitle "BritBase"]
[Source "John Saunders"]
[SourceDate "2023.06.01"]
[SourceVersion "1"]
[SourceVersionDate "2023.06.01"]
[SourceQuality "1"]

1. e4 e5 2. Nf3 Nc6 3. Bb5 f5 4. Nc3 fxe4 5. Nxe4 Nf6 6. Qe2 d5 7. Nxf6+ gxf6
8. d4 Bg7 9. dxe5 O-O 10. e6 Re8 11. Be3 Bxe6 12. O-O-O Qe7 13. Qd2 Qf7 14.
Bxc6 bxc6 15. Nd4 Bd7 16. Nb3 a5 17. Kb1 a4 18. Nc5 a3 19. b3 Bf5 20. Bd4 Re7
21. Rhe1 Rae8 22. Re3 Qg6 23. Rxe7 Rxe7 24. f3 Bh6 25. Qf2 Qe8 26. Qg3+ Bg6 27.
f4 Qc8 28. Nd3 Qf5 29. Re1 Re4 30. Qf2 Bf8 31. g3 Kf7 32. Kc1 Rxe1+ 33. Nxe1
Qe4 34. Nd3 Bh5 35. Kd2 Qh1 36. Ne1 Bb4+ 37. Bc3 Bxc3+ 38. Kxc3 c5 39. Kd2 d4
40. Qg2 Qxg2+ 41. Nxg2 Ke6 42. Nh4 Bg4 43. Kd3 Kd5 44. Ng2 Bf5+ 45. Kd2 c4 46.
Ne1 c5 47. bxc4+ Kxc4 48. Nd3 h5 49. Nf2 Kb5 50. Kc1 Be6 51. Kb1 f5 0-1

[Event "GBR-ch82"]
[Site "Swansea"]
[Date "1995.08.04"]
[Round "5"]
[White "Jackson, Oliver"]
[Black "Mason, Donald J"]
[Result "0-1"]
[WhiteElo "2200"]
[BlackElo "2295"]
[PlyCount "46"]
[EventDate "1995.07.31"]
[EventType "swiss"]
[EventRounds "11"]
[EventCountry "GBR"]
[SourceTitle "BritBase"]
[Source "John Saunders"]
[SourceDate "2023.06.01"]
[SourceVersion "1"]
[SourceVersionDate "2023.06.01"]
[SourceQuality "1"]

1. e4 e5 2. f4 exf4 3. Nf3 g5 4. h4 g4 5. Ne5 Nf6 6. Nxg4 Nxe4 7. d4 Be7 8. Qe2
Bxh4+ 9. Kd1 d5 10. Nh2 Be6 11. Bxf4 Nf2+ 12. Kc1 Nxh1 13. Nf3 Nc6 14. Qb5 Qf6
15. Bxc7 O-O 16. Nbd2 Nxd4 17. Nxd4 Qxd4 18. Bd3 Qe3 19. Be2 Bg5 20. Ba5 Rac8
21. Bd1 Rxc2+ 22. Bxc2 Qe1+ 23. Bd1 Rc8+ 0-1

[Event "GBR-ch82"]
[Site "Swansea"]
[Date "1995.08.04"]
[Round "5"]
[White "Ledger, Andrew J"]
[Black "Mah, Karl"]
[Result "1-0"]
[WhiteElo "2410"]
[BlackElo "2200"]
[PlyCount "63"]
[EventDate "1995.07.31"]
[EventType "swiss"]
[EventRounds "11"]
[EventCountry "GBR"]
[SourceTitle "BritBase"]
[Source "John Saunders"]
[SourceDate "2023.06.01"]
[SourceVersion "1"]
[SourceVersionDate "2023.06.01"]
[SourceQuality "1"]

1. e4 c5 2. Nc3 Nc6 3. g3 g6 4. d3 d6 5. Be3 Bg7 6. Qd2 Rb8 7. Bg2 b5 8. Nge2
b4 9. Nd1 Nd4 10. O-O e6 11. Nc1 Ne7 12. c3 bxc3 13. bxc3 Ndc6 14. Bh6 O-O 15.
Bxg7 Kxg7 16. f4 Qb6 17. Rf2 Na5 18. Ne3 f5 19. g4 Bb7 20. Ne2 Bc6 21. Ng3 fxg4
22. Nxg4 Bd7 23. Re1 h5 24. f5 hxg4 25. Qg5 Nac6 26. f6+ Kh7 27. Qh4+ Kg8 28.
Qh6 Rf7 29. fxe7 Rg7 30. Rf8+ Rxf8 31. exf8=Q+ Kxf8 32. Qh8+ 1-0

[Event "GBR-ch82"]
[Site "Swansea"]
[Date "1995.08.04"]
[Round "5"]
[White "McShane, Luke J"]
[Black "Thompson, Ian D"]
[Result "1/2-1/2"]
[WhiteElo "2170"]
[BlackElo "2310"]
[PlyCount "73"]
[EventDate "1995.07.31"]
[EventType "swiss"]
[EventRounds "11"]
[EventCountry "GBR"]
[SourceTitle "BritBase"]
[Source "John Saunders"]
[SourceDate "2023.06.01"]
[SourceVersion "1"]
[SourceVersionDate "2023.06.01"]
[SourceQuality "1"]

1. e4 e6 2. d4 d5 3. Nd2 Nf6 4. e5 Nfd7 5. f4 c5 6. c3 Nc6 7. Ndf3 f5 8. Bd3
cxd4 9. cxd4 Be7 10. Ne2 Nb6 11. Rg1 a5 12. a4 O-O 13. g4 Bd7 14. gxf5 exf5 15.
Ng3 Qe8 16. b3 Rc8 17. Bd2 Kh8 18. Qe2 Be6 19. Qg2 g5 20. fxg5 Nb4 21. Bxb4
Bxb4+ 22. Kf2 Rc3 23. Rad1 Rxb3 24. Ne2 Rb2 25. g6 hxg6 26. Qxg6 Qxg6 27. Rxg6
Bd7 28. Rxb6 Be1+ 29. Rxe1 Rxb6 30. Nf4 Kg7 31. Nxd5 Rb2+ 32. Kg3 Bxa4 33. e6
Bc6 34. e7 Rg8 35. Nc7 Kf6+ 36. Kh3 Rh8+ 37. Kg3 1/2-1/2

[Event "GBR-ch82"]
[Site "Swansea"]
[Date "1995.08.04"]
[Round "5"]
[White "Van Zyil Smit, Konrad"]
[Black "Ledger, Stephen C"]
[Result "1/2-1/2"]
[WhiteElo "2100"]
[BlackElo "2260"]
[PlyCount "49"]
[EventDate "1995.07.31"]
[EventType "swiss"]
[EventRounds "11"]
[EventCountry "GBR"]
[SourceTitle "BritBase"]
[Source "John Saunders"]
[SourceDate "2023.06.01"]
[SourceVersion "1"]
[SourceVersionDate "2023.06.01"]
[SourceQuality "1"]

1. e4 c5 2. c3 b6 3. d4 Bb7 4. Bd3 Nf6 5. Qe2 cxd4 6. cxd4 Nc6 7. Nf3 Nb4 8.
Nc3 Nxd3+ 9. Qxd3 e6 10. O-O Bb4 11. Re1 h6 12. Bd2 Bxc3 13. bxc3 O-O 14. c4
Ba6 15. Qb3 Qc7 16. Rac1 Qb7 17. e5 Nh7 18. c5 Rfc8 19. cxb6 Qxb6 20. Rxc8+
Rxc8 21. Qxb6 axb6 22. Rb1 Rc6 23. Be3 Bc4 24. a4 Bd5 25. Kf1 1/2-1/2

[Event "GBR-ch82"]
[Site "Swansea"]
[Date "1995.08.04"]
[Round "5"]
[White "Vigus, James E"]
[Black "Rudd, Jack"]
[Result "0-1"]
[WhiteElo "2110"]
[BlackElo "2230"]
[PlyCount "52"]
[EventDate "1995.07.31"]
[EventType "swiss"]
[EventRounds "11"]
[EventCountry "GBR"]
[SourceTitle "BritBase"]
[Source "John Saunders"]
[SourceDate "2023.06.01"]
[SourceVersion "1"]
[SourceVersionDate "2023.06.01"]
[SourceQuality "1"]

1. d4 Nf6 2. Bg5 e6 3. e4 d5 4. e5 h6 5. Bh4 g5 6. Bg3 Ne4 7. Nd2 Nxd2 8. Qxd2
c5 9. dxc5 Bxc5 10. h4 g4 11. h5 Nc6 12. c3 Qc7 13. Qf4 Bd7 14. Bd3 d4 15. Ne2
dxc3 16. bxc3 O-O-O 17. O-O Rhg8 18. Bh4 Nxe5 19. Bxd8 Rxd8 20. Rad1 f5 21. Kh1
Bd6 22. Qd2 Bc6 23. Nd4 Qe7 24. Rfe1 Qh4+ 25. Kg1 Nf3+ 26. Nxf3 Bxf3 0-1

[Event "GBR-ch82"]
[Site "Swansea"]
[Date "1995.08.04"]
[Round "5"]
[White "Ward, Christopher G"]
[Black "Hunt, Harriet"]
[Result "1-0"]
[WhiteElo "2500"]
[BlackElo "2385"]
[PlyCount "79"]
[EventDate "1995.07.31"]
[EventType "swiss"]
[EventRounds "11"]
[EventCountry "GBR"]
[SourceTitle "BritBase"]
[Source "John Saunders"]
[SourceDate "2023.06.01"]
[SourceVersion "1"]
[SourceVersionDate "2023.06.01"]
[SourceQuality "1"]

1. d4 d5 2. c4 e6 3. Nc3 Nf6 4. cxd5 exd5 5. Bg5 c6 6. e3 Bf5 7. Qf3 Bg6 8.
Bxf6 Qxf6 9. Qxf6 gxf6 10. Kd2 Nd7 11. Bd3 Nb6 12. b3 Nc8 13. Nge2 Nd6 14. g4
f5 15. gxf5 Bxf5 16. Rag1 Kd7 17. Bxf5+ Nxf5 18. Rg4 Bd6 19. Ng3 Ne7 20. Nh5
Ke6 21. Ne2 Rhg8 22. Nef4+ Kf5 23. Rg7 Rxg7 24. Nxg7+ Kf6 25. Rg1 Bxf4 26. Nh5+
Kf5 27. Ng7+ Kf6 28. Nh5+ Kf5 29. Nxf4 Rg8 30. Rg3 Ng6 31. Nd3 Rf8 32. Rh3 Rh8
33. Rf3+ Kg4 34. Rxf7 Kh3 35. Rxb7 Kxh2 36. Rxa7 h5 37. Rg7 Nh4 38. Nf4 Nf3+
39. Ke2 Ng1+ 40. Kf1 1-0

[Event "GBR-ch82"]
[Site "Swansea"]
[Date "1995.08.04"]
[Round "5"]
[White "Williams, Simon Kim"]
[Black "Condie, Mark L"]
[Result "1-0"]
[WhiteElo "2250"]
[BlackElo "2450"]
[PlyCount "55"]
[EventDate "1995.07.31"]
[EventType "swiss"]
[EventRounds "11"]
[EventCountry "GBR"]
[SourceTitle "BritBase"]
[Source "John Saunders"]
[SourceDate "2023.06.01"]
[SourceVersion "1"]
[SourceVersionDate "2023.06.01"]
[SourceQuality "1"]

1. c4 Nf6 2. Nc3 g6 3. g3 Bg7 4. Bg2 O-O 5. e4 d6 6. Nge2 c5 7. O-O Nc6 8. d3
Ne8 9. Be3 Nc7 10. d4 cxd4 11. Nxd4 Ne5 12. b3 Ng4 13. Bc1 Ne6 14. Nxe6 Bxe6
15. Bb2 Qa5 16. Na4 Ne5 17. f4 Nc6 18. Bxg7 Kxg7 19. f5 gxf5 20. exf5 Bxf5 21.
Bxc6 bxc6 22. Qh5 e6 23. g4 Kh8 24. gxf5 Rg8+ 25. Kh1 Qd2 26. Qf3 d5 27. fxe6
fxe6 28. Qf6+ 1-0

[Event "GBR-ch82"]
[Site "Swansea"]
[Date "1995.08.04"]
[Round "5"]
[White "Menadue, Jeremy FS"]
[Black "Pert, Nicholas"]
[Result "0-1"]
[WhiteElo "2255"]
[BlackElo "2160"]
[PlyCount "42"]
[EventDate "1995.07.31"]
[EventType "swiss"]
[EventRounds "11"]
[EventCountry "GBR"]
[SourceTitle "BritBase"]
[Source "John Saunders"]
[SourceDate "2023.06.01"]
[SourceVersion "1"]
[SourceVersionDate "2023.06.01"]
[SourceQuality "1"]

1. d4 e6 2. Nf3 f5 3. h3 Nf6 4. g4 b6 5. gxf5 exf5 6. Bg2 Bb7 7. Bg5 Be7 8. Nc3
O-O 9. h4 Qe8 10. Qd3 Nc6 11. O-O-O Nb4 12. Qc4+ d5 13. Qxc7 Ba6 14. Qe5 Rc8
15. Qxf5 Rxc3 16. Qe6+ Kh8 17. bxc3 Nxa2+ 18. Kd2 Bb4 19. Bh3 Bxc3+ 20. Ke3 Nb4
21. Qxe8 Ng4+ {Contributed by Andy Ansel, 1 August 2021} 0-1

[Event "GBR-ch82"]
[Site "Swansea"]
[Date "1995.08.05"]
[Round "6"]
[White "Buckley, Graeme N"]
[Black "Vigus, James E"]
[Result "0-1"]
[WhiteElo "2355"]
[BlackElo "2110"]
[PlyCount "92"]
[EventDate "1995.07.31"]
[EventType "swiss"]
[EventRounds "11"]
[EventCountry "GBR"]
[SourceTitle "BritBase"]
[Source "John Saunders"]
[SourceDate "2023.06.01"]
[SourceVersion "1"]
[SourceVersionDate "2023.06.01"]
[SourceQuality "1"]

1. d4 d6 2. e4 Nf6 3. f3 e5 4. dxe5 dxe5 5. Qxd8+ Kxd8 6. Bc4 Be6 7. Bxe6 fxe6
8. Be3 Bd6 9. Nd2 Ke7 10. Nc4 Nc6 11. O-O-O b5 12. Nxd6 cxd6 13. Ne2 Rac8 14.
Rd2 Rhd8 15. a3 Na5 16. Rd3 Rd7 17. Nc3 a6 18. b3 Rdc7 19. Kb2 Rb8 20. Rd2 Rc6
21. Na2 Rcc8 22. Nb4 Ra8 23. a4 Nc6 24. Nxc6+ Rxc6 25. Ra1 b4 26. a5 Rb8 27.
Re2 Nd7 28. Bd2 Nc5 29. Re3 Rcc8 30. Be1 Rb5 31. g3 Rf8 32. c3 bxc3+ 33. Rxc3
Rfb8 34. Ra3 d5 35. Ka2 d4 36. Rc2 Nxb3 37. f4 d3 38. Rc7+ Kd6 39. Rc4 Ke7 40.
Rc7+ Ke8 41. Rxb3 Rxb3 42. Rxg7 Rb2+ 43. Ka1 Rb1+ 44. Ka2 Rxe1 45. Rg8+ Kd7 46.
Rxb8 d2 0-1

[Event "GBR-ch82"]
[Site "Swansea"]
[Date "1995.08.05"]
[Round "6"]
[White "Byway, Paul V"]
[Black "Jackson, Oliver"]
[Result "1-0"]
[WhiteElo "2245"]
[BlackElo "2200"]
[PlyCount "125"]
[EventDate "1995.07.31"]
[EventType "swiss"]
[EventRounds "11"]
[EventCountry "GBR"]
[SourceTitle "BritBase"]
[Source "John Saunders"]
[SourceDate "2023.06.01"]
[SourceVersion "1"]
[SourceVersionDate "2023.06.01"]
[SourceQuality "1"]

1. d4 Nf6 2. Nf3 c5 3. c3 g6 4. Bf4 Bg7 5. e3 O-O 6. h3 b6 7. Nbd2 d6 8. Bd3
Nc6 9. O-O e5 10. Bb5 exf4 11. Bxc6 fxe3 12. Bxa8 exd2 13. Nxd2 Ba6 14. Bf3
Bxf1 15. Nxf1 Re8 16. Ne3 Qe7 17. Qa4 cxd4 18. Qxd4 Nd7 19. Qa4 Nc5 20. Qc4 h5
21. Rd1 Be5 22. Qb5 Rf8 23. Nd5 Qg5 24. Qc4 Ne6 25. h4 Qd8 26. g3 Ng7 27. Qc7
Qxc7 28. Nxc7 Rd8 29. Be4 Ne8 30. Nd5 Nf6 31. Ne7+ Kf8 32. Nc6 Re8 33. Bf3 a6
34. Nxe5 dxe5 35. Rd6 Re6 36. Rxe6 fxe6 37. Kf1 Ke7 38. Ke2 Kd6 39. Bb7 a5 40.
f3 Nd5 41. Ba6 Ne7 42. Bd3 Nf5 43. Kf2 Kc5 44. a4 Kd6 45. b4 Ne7 46. g4 Kd5 47.
Ke3 Kd6 48. Be4 b5 49. axb5 a4 50. c4 a3 51. Bb1 g5 52. gxh5 Nf5+ 53. Kf2 gxh4
54. Ba2 h3 55. c5+ Kc7 56. b6+ Kb7 57. Bxe6 h2 58. Kg2 Ng3 59. Kxh2 Nxh5 60.
Bd5+ Kb8 61. c6 Nf4 62. c7+ Kc8 63. Be4 1-0

[Event "GBR-ch82"]
[Site "Swansea"]
[Date "1995.08.05"]
[Round "6"]
[White "Condie, Mark L"]
[Black "Lawton, Geoffrey W"]
[Result "0-1"]
[WhiteElo "2450"]
[BlackElo "2385"]
[PlyCount "58"]
[EventDate "1995.07.31"]
[EventType "swiss"]
[EventRounds "11"]
[EventCountry "GBR"]
[SourceTitle "BritBase"]
[Source "John Saunders"]
[SourceDate "2023.06.01"]
[SourceVersion "1"]
[SourceVersionDate "2023.06.01"]
[SourceQuality "1"]

1. d4 d5 2. c4 e6 3. Nf3 Nf6 4. Nc3 c6 5. cxd5 exd5 6. Bg5 Be7 7. e3 Bf5 8. Ne5
Nbd7 9. g4 Be6 10. Bxf6 Bxf6 11. Nd3 c5 12. Nf4 cxd4 13. exd4 O-O 14. Bg2 Nb6
15. O-O Qd6 16. Nh5 Bh4 17. f4 g6 18. g5 h6 19. Nf6+ Kg7 20. Qc1 Rac8 21. Rf3
Qb4 22. Qd2 Nc4 23. Qe2 hxg5 24. Nfxd5 Qd6 25. Rff1 Rfe8 26. Qd1 gxf4 27. Rxf4
Bg5 28. Rf2 Ne3 29. Qf3 Nxd5 0-1

[Event "GBR-ch82"]
[Site "Swansea"]
[Date "1995.08.05"]
[Round "6"]
[White "Cooper, Lawrence"]
[Black "McShane, Luke J"]
[Result "1-0"]
[WhiteElo "2315"]
[BlackElo "2170"]
[PlyCount "101"]
[EventDate "1995.07.31"]
[EventType "swiss"]
[EventRounds "11"]
[EventCountry "GBR"]
[SourceTitle "BritBase"]
[Source "John Saunders"]
[SourceDate "2023.06.01"]
[SourceVersion "1"]
[SourceVersionDate "2023.06.01"]
[SourceQuality "1"]

1. e4 c5 2. Nc3 d6 3. f4 Nc6 4. Nf3 g6 5. Bc4 Bg7 6. O-O e6 7. f5 exf5 8. d3
Nge7 9. Qe1 O-O 10. Qh4 h5 11. Bg5 Qc7 12. Rae1 fxe4 13. dxe4 Be6 14. Bxe6 fxe6
15. Qh3 Qd7 16. Nh4 Ne5 17. Qg3 Kh7 18. h3 Rxf1+ 19. Rxf1 Rf8 20. Rd1 N7c6 21.
Ne2 Bf6 22. Nf4 Qf7 23. Nd3 Nxd3 24. Bxf6 Qxf6 25. Rxd3 e5 26. Rf3 Qg7 27. Rxf8
Qxf8 28. Qxg6+ Kh8 29. Qxh5+ Kg8 30. Qg6+ Qg7 31. Qxg7+ Kxg7 32. Nf5+ Kf6 33.
Nxd6 b6 34. c3 Ke6 35. Nc4 b5 36. Ne3 a5 37. Kf2 a4 38. Ke2 c4 39. Nd5 Kd6 40.
a3 Nd8 41. h4 Ne6 42. Ke3 Nc5 43. Nb4 Ke6 44. g4 Kf6 45. Nd5+ Kg6 46. Nc7 Nd3
47. Nxb5 Nxb2 48. Nd6 Nd1+ 49. Kf3 Nxc3 50. Nxc4 Nb1 51. Nxe5+ 1-0

[Event "GBR-ch82"]
[Site "Swansea"]
[Date "1995.08.05"]
[Round "6"]
[White "Hebden, Mark L"]
[Black "Pert, Nicholas"]
[Result "0-1"]
[WhiteElo "2570"]
[BlackElo "2160"]
[PlyCount "130"]
[EventDate "1995.07.31"]
[EventType "swiss"]
[EventRounds "11"]
[EventCountry "GBR"]
[SourceTitle "BritBase"]
[Source "John Saunders"]
[SourceDate "2023.06.01"]
[SourceVersion "1"]
[SourceVersionDate "2023.06.01"]
[SourceQuality "1"]

1. e4 e6 2. d4 d5 3. Nc3 Bb4 4. e5 c5 5. Qg4 Ne7 6. Nf3 cxd4 7. Nxd4 Ng6 8. Bd3
O-O 9. Bxg6 Bxc3+ 10. bxc3 fxg6 11. O-O Nc6 12. Ba3 Rf7 13. Nxc6 bxc6 14. Bd6
Qa5 15. Qd4 g5 16. Rfb1 Rf4 17. Qe3 h6 18. f3 Ba6 19. Rb3 Bb5 20. Bb4 Qb6 21.
Bc5 Qa5 22. Bd4 Raf8 23. h3 R8f7 24. a4 Kh7 25. Rb4 R4f5 26. Bc5 Rf4 27. Bd4
R4f5 28. Kh2 Bc4 29. Re1 Rf4 30. Reb1 Qa6 31. Bc5 Qa5 32. Bd6 Qa6 33. Kg1 Ba2
34. R1b2 Bc4 35. Qc5 Be2 36. Qf2 Bc4 37. Bc5 R4f5 38. Qe1 Be2 39. Bd6 Bxf3 40.
gxf3 Rxf3 41. c4 dxc4 42. Qe4+ R7f5 43. c3 Rxc3 44. Kg2 Rc1 45. Rf2 g6 46. Qe3
Rd1 47. Qc5 c3 48. Qc4 Qxc4 49. Rxc4 Rxf2+ 50. Kxf2 Rd2+ 51. Kf3 Rd3+ 52. Kg4
h5+ 53. Kxg5 Rxh3 54. Rxc6 Rg3+ 55. Kf6 h4 56. Rc4 g5 57. Kxe6 h3 58. Kf5 Rf3+
59. Kxg5 Rg3+ 60. Kf6 Rg6+ 61. Kf5 h2 62. Rh4+ Rh6 63. Rxh2 Rxh2 64. e6 c2 65.
Ba3 Kg7 0-1

[Event "GBR-ch82"]
[Site "Swansea"]
[Date "1995.08.05"]
[Round "6"]
[White "Hennigan, Michael T"]
[Black "Cobb, Charles A"]
[Result "0-1"]
[WhiteElo "2465"]
[BlackElo "2210"]
[PlyCount "120"]
[EventDate "1995.07.31"]
[EventType "swiss"]
[EventRounds "11"]
[EventCountry "GBR"]
[SourceTitle "BritBase"]
[Source "John Saunders"]
[SourceDate "2023.06.01"]
[SourceVersion "1"]
[SourceVersionDate "2023.06.01"]
[SourceQuality "1"]

1. e4 e6 2. d4 d5 3. Nd2 Nf6 4. e5 Nfd7 5. f4 c5 6. c3 Nc6 7. Ndf3 Qb6 8. g3
cxd4 9. cxd4 Bb4+ 10. Kf2 g5 11. Be3 g4 12. Nh4 Be7 13. Rb1 f5 14. Ng2 Nf8 15.
h3 gxh3 16. Rxh3 Bd7 17. Ne2 O-O-O 18. Nc3 Kb8 19. a3 Rc8 20. b4 Nxb4 21. Nxd5
exd5 22. axb4 Bxb4 23. Qb3 a5 24. Qxd5 Be6 25. Qb5 Rc2+ 26. Kg1 Qxb5 27. Bxb5
Bd5 28. Nh4 Rg8 29. Bf2 Be4 30. Rd1 Ne6 31. Kf1 Nc7 32. Bd7 Rf8 33. Bxf5 Bxf5
34. Nxf5 Rxf5 35. d5 h5 36. Be3 Bc5 37. g4 Rf8 38. d6 Ne6 39. Bxc5 Rxf4+ 40.
Kg1 Rxg4+ 41. Kh1 Rxc5 42. Rxh5 Rg8 43. Re1 Rg5 44. Rxg5 Nxg5 45. e6 Nxe6 46.
Rxe6 Kc8 47. Re8+ Kd7 48. Re7+ Kxd6 49. Rxb7 Rg5 50. Ra7 Kc6 51. Ra8 Kb5 52.
Rb8+ Kc4 53. Rc8+ Kb4 54. Rb8+ Ka3 55. Kh2 a4 56. Kh3 Ka2 57. Kh4 Rg1 58. Kh3
a3 59. Kh2 Rg5 60. Rf8 Rg4 0-1